00453 2200169 4500001002100000005001500021035002000036245005300056100001600109250001700125300003200142260003500174082001100209084001700220020002200237650002400259INLIS00000000000082120241113121012 a0010-11240000441 aEnsiklopedia Fisika :bTata Surya /cSri Soeyati0 aSri Soeyati aCetakan Ke-1 aiv, 28 hlm :bIlus ;c32 cm aJakarta :bGaneca Exact,c2007 a530.03 a530.03 SRI e a978-979-571-378-4 4aEnsiklopedia Fisika